000 00616nam a2200217Ia 4500
005 20230606152146.0
008 131103s9999 xx 000 0 und d
040 _aLoreto College
041 _aEnglish
082 _a935
_bHAL
100 _aHall,H.R.
245 4 _aThe Ancient history of the near east
_b from the earliest times to the Battle of Salamis
_cH.R.Hall
250 _a9th ed.
260 _aLondon
_bMethuen & Co.
_c1936
300 _axxxiv,620 p.
_b ill.,maps
504 _aIncludes index
650 _aAncient History
651 _aMesopotamia - Ancient History
850 _aLCLIB
942 _cBK
999 _c8590
_d59069